| 000 | 00521nam a2200217Ia 4500 | ||
|---|---|---|---|
| 003 | OSt | ||
| 005 | 20250813090605.0 | ||
| 008 | 210210b2005 xxu||||| |||| 00| 0 eng d | ||
| 040 | _cAL | ||
| 041 | _aeng | ||
| 082 | _a657.42 ADIC | ||
| 100 |
_aAdiga K S _941199 |
||
| 245 | _aCost and management accounting V 1 | ||
| 260 |
_aUdupi _bShubha Prakashana _c2005 |
||
| 300 | _a376 | ||
| 440 |
_aVol 1 _941200 |
||
| 650 |
_aBCom I sem _941201 |
||
| 690 |
_aCost Accounting _941202 |
||
| 906 | _a060845 | ||
| 942 |
_2ddc _cBK |
||
| 999 |
_c107782 _d107782 |
||